[Event "Nordkalotten - Hillerød"]
[Site "?"]
[Date "2015.12.06"]
[Round "1.1"]
[White "Schandorff, HIL (2517), Lars"]
[Black "Brynell, NOR (2504), Stellan"]
[Result "1/2-1/2"]
[BlackElo "2504"]
[WhiteElo "2517"]
[LiveChessVersion "1.4.6"]

1. Nf3 {[%clk 1:30:46]} d5 {[%clk 1:30:49]} 2. g3 {[%clk 1:30:14]} Nf6
{[%clk 1:28:19]} 3. Bg2 {[%clk 1:30:26]} g6 {[%clk 1:28:08]} 4. c4
{[%clk 1:29:27]} c6 {[%clk 1:23:03]} 5. b3 {[%clk 1:28:47]} Bg7 {[%clk 1:23:03]}
6. Bb2 {[%clk 1:29:11]} O-O {[%clk 1:23:10]} 7. O-O {[%clk 1:29:19]} a5
{[%clk 1:13:58]} 8. d3 {[%clk 1:27:32]} a4 {[%clk 1:11:25]} 9. Nbd2
{[%clk 1:23:48]} axb3 {[%clk 1:00:37]} 10. axb3 {[%clk 1:22:26]} Rxa1
{[%clk 1:00:59]} 11. Qxa1 {[%clk 1:22:42]} Na6 {[%clk 0:59:26]} 12. h3
{[%clk 1:12:36]} Ne8 {[%clk 0:54:22]} 13. Rc1 {[%clk 1:04:35]} Bxb2
{[%clk 0:48:39]} 14. Qxb2 {[%clk 1:05:01]} f6 {[%clk 0:46:30]} 15. b4
{[%clk 0:54:53]} dxc4 {[%clk 0:36:30]} 16. Nxc4 {[%clk 0:54:22]} Nac7
{[%clk 0:35:56]} 17. Nfd2 {[%clk 0:48:49]} Nd6 {[%clk 0:35:07]} 18. Na5
{[%clk 0:47:10]} e5 {[%clk 0:21:03]} 19. Ndb3 {[%clk 0:34:31]} Ncb5
{[%clk 0:21:11]} 20. Nc5 {[%clk 0:33:46]} Qe7 {[%clk 0:21:22]} 21. Nc4
{[%clk 0:31:35]} Rd8 {[%clk 0:15:28]} 22. Kh2 {[%clk 0:28:47]} Kg7
{[%clk 0:15:38]} 23. Ra1 {[%clk 0:25:24]} Be6 {[%clk 0:14:21]} 24. Nxd6
{[%clk 0:25:06]} Rxd6 {[%clk 0:10:18]} 25. Ra8 {[%clk 0:22:41]} Qc7
{[%clk 0:10:14]} 26. e3 {[%clk 0:18:13]} Bf7 {[%clk 0:08:11]} 27. Bf1
{[%clk 0:09:52]} b6 {[%clk 0:07:50]} 28. Ne4 {[%clk 0:09:48]} Rd8
{[%clk 0:08:07]} 29. Ra6 {[%clk 0:08:50]} Nd6 {[%clk 0:06:44]} 30. Nd2
{[%clk 0:07:03]} Rd7 {[%clk 0:05:34]} 31. Qa1 {[%clk 0:07:01]} Be6
{[%clk 0:03:50]} 32. Ra8 {[%clk 0:06:59]} Nf7 {[%clk 0:03:02]} 33. Qa6
{[%clk 0:06:28]} Qb7 {[%clk 0:01:58]} 34. Qxb7 {[%clk 0:05:23]} Rxb7
{[%clk 0:02:27]} 35. Nc4 f5 {[%clk 0:01:26]} 36. f4 {[%clk 0:04:32]} Bxc4
{[%clk 0:01:20]} 37. dxc4 {[%clk 0:04:56]} Rd7 {[%clk 0:00:37]} 38. Rb8
{[%clk 0:03:39]} Rd2+ {[%clk 0:00:51]} 39. Kg1 {[%clk 0:02:21]} c5
{[%clk 0:00:45]} 40. Rxb6 {[%clk 0:02:17]} cxb4 {[%clk 0:01:08]} 41. Rxb4
{[%clk 0:02:02]} Rc2 {[%clk 0:28:59]} 42. Rb6 {[%clk 0:21:25]} g5
{[%clk 0:19:47]} 43. Re6 {[%clk 0:19:44]} exf4 {[%clk 0:18:53]} 44. exf4
{[%clk 0:19:37]} gxf4 {[%clk 0:18:44]} 45. gxf4 {[%clk 0:20:00]} Nh8
{[%clk 0:17:24]} 46. Re5 {[%clk 0:16:59]} Ng6 {[%clk 0:13:37]} 47. Rxf5
{[%clk 0:17:20]} Nh4 {[%clk 0:08:58]} 48. Rg5+ {[%clk 0:17:39]} Kf6
{[%clk 0:09:23]} 49. Rg3 {[%clk 0:17:46]} Nf5 {[%clk 0:06:00]} 50. Ra3
{[%clk 0:11:00]} Nd4 {[%clk 0:05:04]} 51. Bd3 {[%clk 0:10:50]} Rd2
{[%clk 0:05:27]} 52. Bxh7 {[%clk 0:10:20]} Kg7 {[%clk 0:04:10]} 53. Be4
{[%clk 0:08:03]} Ne6 {[%clk 0:04:28]} 54. f5 {[%clk 0:05:05]} Nc5
{[%clk 0:04:45]} 55. Bd5 {[%clk 0:05:09]} Kf6 {[%clk 0:04:56]} 56. Rf3
{[%clk 0:04:20]} Nd3 {[%clk 0:03:57]} 57. h4 {[%clk 0:03:41]} Ne5
{[%clk 0:04:13]} 58. Rf4 {[%clk 0:03:34]} Nd3 {[%clk 0:04:14]} 59. Rf1
{[%clk 0:03:37]} Ne5 {[%clk 0:04:27]} 60. Rf4 {[%clk 0:03:13]} Nd3
{[%clk 0:04:52]} 61. Rf3 {[%clk 0:03:40]} Ne5 {[%clk 0:05:12]} 62. Rh3
{[%clk 0:03:23]} Kxf5 {[%clk 0:03:20]} 63. h5 {[%clk 0:03:46]} Kg4
{[%clk 0:01:52]} 64. Re3 {[%clk 0:02:56]} Nxc4 {[%clk 0:01:51]} 65. Bxc4
{[%clk 0:03:07]} Kxh5 {[%clk 0:02:15]} 66. Be2+ {[%clk 0:03:27]} Kg5
{[%clk 0:02:40]} 67. Kf2 {[%clk 0:03:54]} Kf4 {[%clk 0:03:02]} 68. Rh3
{[%clk 0:04:08]} Rb2 {[%clk 0:03:21]} 69. Rh4+ {[%clk 0:04:31]} Ke5
{[%clk 0:03:42]} 70. Ke3 {[%clk 0:04:56]} Rb1 {[%clk 0:03:53]} 71. Rh5+
{[%clk 0:05:16]} Ke6 {[%clk 0:03:51]} 72. Bc4+ {[%clk 0:05:29]} Kd6
{[%clk 0:04:10]} 73. Kd4 {[%clk 0:05:47]} Rd1+ {[%clk 0:04:32]} 74. Bd3
{[%clk 0:06:12]} Rd2 {[%clk 0:04:48]} 75. Rh6+ {[%clk 0:05:05]} Kd7
{[%clk 0:04:56]} 76. Ke4 {[%clk 0:04:31]} Rd1 {[%clk 0:05:01]} 77. Bb5+
{[%clk 0:04:13]} Kc7 {[%clk 0:05:24]} 78. Bc4 {[%clk 0:03:33]} Rd6
{[%clk 0:03:58]} 79. Rh1 {[%clk 0:03:34]} Rg6 {[%clk 0:03:26]} 80. Rh4
{[%clk 0:03:02]} Kd6 {[%clk 0:03:21]} 81. Kd4 {[%clk 0:03:24]} Rg1
{[%clk 0:02:53]} 82. Rh6+ {[%clk 0:03:37]} Ke7 {[%clk 0:03:03]} 83. Bd5
{[%clk 0:03:08]} Rd1+ {[%clk 0:02:16]} 84. Ke5 {[%clk 0:03:19]} Re1+
{[%clk 0:02:38]} 85. Be4 {[%clk 0:03:37]} Re2 {[%clk 0:03:00]} 86. Rh7+
{[%clk 0:03:47]} Ke8 {[%clk 0:03:29]} 87. Ra7 {[%clk 0:03:47]} Re1
{[%clk 0:03:54]} 88. Kf5 {[%clk 0:02:29]} Kd8 {[%clk 0:04:20]} 89. Bd5
{[%clk 0:02:39]} Re7 {[%clk 0:04:39]} 90. Ra8+ {[%clk 0:02:58]} Kc7
{[%clk 0:04:10]} 91. Be6 {[%clk 0:03:16]} Kd6 {[%clk 0:04:09]} 92. Ra6+
{[%clk 0:02:18]} Kc5 {[%clk 0:04:24]} 93. Ke5 {[%clk 0:02:39]} Rh7
{[%clk 0:04:33]} 94. Ra5+ {[%clk 0:02:30]} Kb4 {[%clk 0:03:46]} 95. Ra1
{[%clk 0:02:21]} Rh5+ {[%clk 0:03:43]} 96. Kd6 {[%clk 0:02:26]} Kc3
{[%clk 0:03:44]} 97. Bd5 {[%clk 0:02:44]} Rh8 {[%clk 0:03:36]} 98. Ra3+
{[%clk 0:02:47]} Kd4 {[%clk 0:03:50]} 99. Ra4+ {[%clk 0:03:09]} Kd3
{[%clk 0:02:58]} 100. Kc5 {[%clk 0:02:40]} Rc8+ {[%clk 0:03:14]} 101. Bc6
{[%clk 0:03:06]} Kc3 {[%clk 0:03:16]} 102. Ra3+ {[%clk 0:03:23]} Kd2
{[%clk 0:03:30]} 103. Kd5 {[%clk 0:02:40]} Rc7 {[%clk 0:02:50]} 104. Rh3
{[%clk 0:02:48]} Rc8 {[%clk 0:03:09]} 105. Bb5 {[%clk 0:01:57]} Rc3
{[%clk 0:02:21]} 106. Rh2+ {[%clk 0:02:21]} Ke3 {[%clk 0:02:42]} 107. Rh4
{[%clk 0:02:18]} Rc8 {[%clk 0:02:27]} 108. Ke5 {[%clk 0:01:30]} Rc5+
{[%clk 0:02:51]} 109. Kd6 {[%clk 0:01:56]} Rxb5 {[%clk 0:03:18]} 110. Kd5 Kd4+
1/2-1/2